000 00308nam a2200133Ia 4500
100 _aMurray/W.H
942 _cRB
654 _a80386/80286
245 _a80386/80286 assembly language programming
260 _bOsborne Mc graw Hill
_aSingapore
_c1986
082 _a5.136
300 _a548
546 _aENGLISH
999 _c30454
_d30454